Estudio de Factibilidad y Diseño del Sistema de Abastecimiento de Agua Potable para las Ciudadelas Paz y Reconciliación, y Primavera del Municipio de Matagalpa.
El siguiente trabajo tiene como objetivo general realizar el estudio de factibilidad a través de la evaluación técnica y financiera de dos alternativas para abastecer de agua potable a las Ciudadelas Paz y Reconciliación, y Primavera del Municipio de Matagalpa y el diseño de la alternativa sele...
| Main Authors: | , |
|---|---|
| Other Authors: | |
| Format: | Tesis Section = Libro |
| Language: | Undetermined Spanish |
| Published: |
Managua
UNI
2010
|
| Subjects: |
| LEADER | 01534nam a2200265Ia 4500 | ||
|---|---|---|---|
| 008 | 240830s9999 xx 000 0 und d | ||
| 040 | |a BIBLIOTECA-RUPAP Mon 628.72 C146 | ||
| 041 | |a spa | ||
| 082 | |a Mon 628.72 C146 | ||
| 100 | 1 | |a Calderón Montoya, Ángela Marcela | |
| 100 | 1 | |b Rodríguez Díaz, Ester | |
| 245 | 1 | 0 | |a Estudio de Factibilidad y Diseño del Sistema de Abastecimiento de Agua Potable para las Ciudadelas Paz y Reconciliación, y Primavera del Municipio de Matagalpa. |
| 260 | |a Managua |b UNI |c 2010 | ||
| 300 | |a 135 p. :il. | ||
| 500 | |a Contiene: anexos y planos en formato A1. | ||
| 502 | |a Tesis (Ingeniero Civil)- UNI, 2010. | ||
| 520 | 3 | |a El siguiente trabajo tiene como objetivo general realizar el estudio de factibilidad a través de la evaluación técnica y financiera de dos alternativas para abastecer de agua potable a las Ciudadelas Paz y Reconciliación, y Primavera del Municipio de Matagalpa y el diseño de la alternativa seleccionada, haciendo uso de los programas LOOP y EPANET, La primera alternativa consiste en utilizar el agua de los pozos de las ciudadelas, y la segunda: utilizar el agua proveniente de los pozos del valle de Sébaco haciendo una conexión en Estación de Relevo ubicada en el Barrio Las Tejas. | |
| 650 | 7 | |a ABASTECIMIENTO DE AGUA | |
| 650 | 7 | |b AGUA POTABLE | |
| 650 | 7 | |c CALIDAD DEL AGUA | |
| 650 | 7 | |d SISTEMA DE ABASTECIMIENTO DE AGUA-DISEÑO | |
| 700 | 1 | |a Tutor: |b Fajardo González, Ricardo Javier | |
| 942 | |c BK |2 ddc | ||
| 991 | |a TESIS | ||
| 999 | |c 16464 | ||